Optimalizácia v simulácii - zefektívnenie výsledkov modelovania a simulácie
Charakteristika simulácie, ktorá patrí do kategórie štatisticko-experimentálnych metód. Optimalizácia v simulácii a možnosti jej aplikácií. Optimalizácia počtu zamestnancov telefonického centra. Optimalizačný modul softvéru Witness.
Enregistré dans:
| Auteur principal: | |
|---|---|
| Autres auteurs: | |
| Format: | Chapitre de livre |
| Langue: | slovaque |
| Sujets: | |
| Tags: |
Pas de tags, Soyez le premier à ajouter un tag!
|
MARC
| LEADER | 00000naa$a2200000$$$4500 | ||
|---|---|---|---|
| 001 | 0036278 | ||
| 005 | 20231018133137.6 | ||
| 041 | 0 | |a slo | |
| 044 | |a SK | ||
| 245 | 1 | 0 | |a Optimalizácia v simulácii - zefektívnenie výsledkov modelovania a simulácie |c Andrej Štefánik, Patrik Grznár |
| 520 | |a Charakteristika simulácie, ktorá patrí do kategórie štatisticko-experimentálnych metód. Optimalizácia v simulácii a možnosti jej aplikácií. Optimalizácia počtu zamestnancov telefonického centra. Optimalizačný modul softvéru Witness. | ||
| 610 | 2 | 0 | |a simulácia |
| 610 | 2 | 0 | |a optimalizácia |
| 610 | 2 | 0 | |a modelovanie |
| 610 | 2 | 0 | |a moduly |
| 610 | 2 | 0 | |a softvér |
| 610 | 2 | 0 | |a modely simulačné |
| 100 | 1 | |a Štefánik, Andrej | |
| 700 | 1 | |a Grznár, Patrik | |